Novela Obchodného zákonníka 1

Bibliographic Details
Main Author: Schultz, Ivan, 1927- (Author)
Format: Article
Language:Slovak
ISSN:1335-2024
Subjects:

MARC

LEADER 00000nab a2200000 a 4500
001 vtls000781251
003 SK-MaSNL
005 20260303194930.0
008 180206c2002 xo 0 slo
015 |a SNBRB2002/02-03218 
035 |a CLN000132985 
040 |a SNKBUCL  |b slo  |c SNKBUCL  |e AACR2 
041 0 |a slo 
044 |a xo  |c SK 
080 |a 347.7:340.133  |2 UDC-MRF-SK2 
100 1 |a Schultz, Ivan,  |d 1927-  |4 aut  |9 46785 
245 1 0 |a Novela Obchodného zákonníka  |n 1  |c Ivan Schultz 
500 |a Pokračovanie v č. 2/2002 
630 0 7 |a Obchodný zákonník  |x novelizácia  |2 snkbucl  |9 846197 
650 0 7 |a právo obchodné  |x zákony  |x novelizácia  |2 snkbucl  |9 849153 
655 7 |a články z novín a časopisov  |2 snkbucl  |9 267496 
773 0 |x 1335-2024  |t Účtovníctvo. Audítorstvo. Daňovníctvo v teórii a praxi s prílohou  |g Roč. 10, č. 1 (2002), s. 32-35 
850 |a Slovenská národná knižnica v Martine 
852 |a SNK  |b KIS3GCP 
958 |a RBX 
999 |c 2160213  |d 2162143